| 000 | 00658naa a2200157 i 4500 | ||
|---|---|---|---|
| 001 | 9691 | ||
| 003 | KOSZ 005 | ||
| 005 | 20180406115633.0 | ||
| 008 | 180406s1993 sw | | |000 ||eng d | ||
| 040 |
_cKOSZ 005/HR _aKOSZ 005/HR |
||
| 041 | _aeng | ||
| 100 | 1 |
_aHRYNIEWICZ, Zdzisław. _d1982-1999. _bWyższa Szkoła Inżynierska w Koszalinie - Wydział Inżynierii Lądowej i Sanitarnej, _cZakład Podstaw Projektowania |
|
| 245 | 1 | 0 |
_aOn two approaches to wave propagation problems for a semi-infinite random medium / _cZdzisław Hryniewicz. |
| 773 | 0 |
_iW : _tCTH. - _dGöteborg : Chalmers University of Technology. - _g1993,Vol. 6, s. 1-22 |
|
| 942 |
_cART _2UKD |
||
| 999 |
_c9691 _d9691 |
||